| 000 | 00764nam a22002177a 4500 | ||
|---|---|---|---|
| 999 |
_c20205 _d20205 |
||
| 003 | AR-CdUCM | ||
| 008 | 190527b ||||| |||| 00| 0 spa d | ||
| 040 |
_aMUNICIPALIDAD PROVINCIAL DEL CUSCO _cBIBLIOTECA MUNICIPAL DEL CUSCO |
||
| 082 |
_a974 / _bSI52 |
||
| 100 |
_aSierra, Justo _93066 |
||
| 245 | _aEvolución política del pueblo mexicano / | ||
| 260 |
_aMexico : _bFondo de Cultura Económica, _c1950. |
||
| 300 |
_a301 páginas _c22 cm. |
||
| 505 | _aContenido: Introducción, por Alfonso Reyes -- Las civilizaciones aborígenes y la conquista -- El período colonial y la independencia... | ||
| 650 |
_aMéxico _918 |
||
| 650 |
_aHistoria _9246 |
||
| 650 |
_aPolítica _9291 |
||
| 650 |
_aGobierno _92618 |
||
| 942 |
_2ddc _cLIBROS |
||
| 945 | _aJavier | ||